Belvedere - Il Settecento (Record n. 90730)
[ formato base ]
| 000 -LEADER | |
|---|---|
| fixed length control field | 01574nam a2200289Ia 4500 |
| 001 - CONTROL NUMBER | |
| control field | H6575 |
| 003 - CONTROL NUMBER IDENTIFIER | |
| control field | IT-RoPAU |
| 008 - FIXED-LENGTH DATA ELEMENTS--GENERAL INFORMATION | |
| fixed length control field | 130308s9999 xx 000 0 und d |
| 040 ## - CATALOGING SOURCE | |
| Original cataloging agency | IT-RoPAU |
| 040 ## - CATALOGING SOURCE | |
| Transcribing agency | IT-RoPAU |
| 041 ## - LANGUAGE CODE | |
| Language code of text/sound track or separate title | ITALIANO |
| 100 ## - MAIN ENTRY--PERSONAL NAME | |
| Personal name | Bargellini Piero |
| 100 ## - MAIN ENTRY--PERSONAL NAME | |
| Miscellaneous information | Codice Aut. SPICS: 58572 |
| 245 ## - TITLE STATEMENT | |
| Title | Belvedere - Il Settecento |
| 245 ## - TITLE STATEMENT | |
| Remainder of title | Belvedere - Il Settecento |
| 250 ## - EDITION STATEMENT | |
| Edition statement | 1a ed. |
| 260 ## - PUBLICATION, DISTRIBUTION, ETC. (IMPRINT) | |
| Place of publication, distribution, etc. | FIRENZE |
| 260 ## - PUBLICATION, DISTRIBUTION, ETC. (IMPRINT) | |
| Name of publisher, distributor, etc. | Vallecchi |
| 260 ## - PUBLICATION, DISTRIBUTION, ETC. (IMPRINT) | |
| Date of publication, distribution, etc. | 1963 [1° Ed.:1963 - Ed.Ling.Originale:1963] |
| 300 ## - PHYSICAL DESCRIPTION | |
| Extent | "336 p. (prefazione: no ; testo: 336 [pagine: 0-0])" |
| 500 ## - GENERAL NOTE | |
| General note | "Voto di 1 Re e Palazzina Reale di Stupinigi. Reggia di Caserta e scultura di Giardinaggio. Società in salotto e Soprammobili di Porcellana. Vita nell'Arcadia e Pittura Rococo'. Assalto Alle Cupole e Arte nella Firenze Granducale. Fiera di Poggio a Caiano e Tregende Macabre del Magnasco. Italiani all'estero e successo Pittura Rococo'. Pace Sulla Laguna e pittori Assoluta Luminosità. Tramonto di Un'Età e Abbagliante Parabola Tiepolo. Rosalba carriera e ritratto Settecentesco. Teatro di Piero Longhi e Poetica scenografia del Canaletto. Vedute di Francesco Guardi e conquista Atmosfera. Giambattista Piranesi e Ruinismo dell'arte . Razionalismo del padre Lodoli e prove Architettura Neoclassica. dominio delle grazie e Fine del Rococo'. Indici: Riassunto del Volume; tavole a Colori; Illustrazioni in Nero. Nomi e Cose Notevoli." |
| 650 ## - SUBJECT ADDED ENTRY--TOPICAL TERM | |
| Topical term or geographic name as entry element | SAGGI SULLE ARTI VISIVE |
| 650 ## - SUBJECT ADDED ENTRY--TOPICAL TERM | |
| Relator term | Codice materia Spics: 5011 |
| 942 ## - ADDED ENTRY ELEMENTS (KOHA) | |
| Koha item type | LIBRO |
| 957 ## - | |
| -- | 1 |
| 999 ## - SYSTEM CONTROL NUMBERS (KOHA) | |
| -- | 1 |
| Withdrawn status | Lost status | Damaged status | Not for loan | Home library | Current library | Date acquired | Total Checkouts | Full call number | Date last seen | Price effective from | Koha item type | Public note |
|---|---|---|---|---|---|---|---|---|---|---|---|---|
| Buone Condizioni | Not For Loan | SPICS-MEDIATECA | SPICS-MEDIATECA | 08/03/2013 | H6575 | 08/03/2013 | 08/03/2013 | LIBRO | Progressivo inserimento: 22358 / N. Volumi: 1 Copie: 1 / data import: 1 marzo 2013 - By Epidotti, Trombetti, Vaglietti. |